Scott Pilgrim Characters - Statistics

General Stats
  • This quiz has been taken 479 times
    478 since last reset
  • The average score is 14 of 32
Answer Stats
Hint Answer % Correct
Best fighter in Toranto Scott W. Pilgrim
96%
American with a history Ramona Flowers
89%
She's Chinese Knives Chau
77%
What does he play? That's a big question. "Young" Neil Nordegraf
77%
Smokin' redhead on drums Kim Pine
75%
Cool gay roommate Wallace Wells
70%
Lead singer of Sex Bob-omb Stephen Stills
68%
Nothing could beat his mystical powers. Matthew Patel
67%
The Final Boss Gideon Gordon Graves
63%
Lead Singer of TCaD Natalie V. Adams
63%
"Looks like you're seeing double." Lucas Lee
59%
Can you face yourself? Nega Scott
59%
Scott's sister Stacy Pilgrim
59%
"Chicken isn't vegan?" Todd Ingram
59%
"Did I *static* stutter?" Julie Powers
48%
We hate you. Please die. Lucas "Crash" Wilson
46%
Bifurious Half-Ninja Roxanne "Roxie" Richter
36%
Double Dragons Ken Katayanagi
33%
Double Dragons Kyle Katayanagi
31%
Not the main character Other Scott
26%
Scott and Kim's high school friend Lisa Miller
23%
Stacy's stolen boyfriend Jimmy
20%
Wallace's psychic boyfriend Mobile
20%
Knows everyone Michael Comeau
18%
Knives' friend Tamara Chen
16%
Scott's brother Lawrence West Pilgrim
13%
Lady dude #2 Monique
13%
Drummer with a bionic arm Lynette Guycott
10%
Lady dude #1 Sandra
10%
Is that girl a boy too? Trisha Ha
8%
Guitarist with above Joel MacMillan
6%
Kim's exboyfriend before Scott Simon Lee
6%
No matching quizzes found
Score Distribution
Percent of People with Each Score
Percentile by Number Answered
Your Score History
You have not taken this quiz since the last reset